Piłkarze Puszczy Niepołomice - nagła śmierć - Statystyki

Ogólne statystyki
  • Ten quiz został rozwiązany 11 razy
  • Średni wynik to 12 z 20
Answers on the Grid
Answers color-coded by a green-red scale on the quiz's grid according to % correct below.
Michał Borecki
Jakub Arak
Dawid Abramowicz
Patryk Szwedzik
Jordan Majchrzak
Paweł Kieszek
Jakub Bartosz
Przemysław Banaszak
Kamil Kościelny
Damian Warchoł
Kamil Zapolnik
Rafał Kujawa
Karol Knap
Miłosz Szczepański
Adrian Błąd
Michał Koj
Kacper Śmiglewski
Jakub Serafin
Łukasz Sekulski
Mateusz Cholewiak
Rafał Wolski
Artur Siemaszko
Michał Walski
Paweł Wszołek
Karol Danielak
Wojciech Hajda
Mateusz Mak
Mateusz Skrzypczak
Dariusz Formella
Krzysztof Drzazga
Gabriel Kobylak
Artur Craciun
Piotr Parzyszek
Tomasz Wełna
Jakub Łukowski
Maciej Domański
Maciej Dąbrowski
Mateusz Radecki
Damian Kądzior
Kamil Grabara
 
Statystyki odpowiedzi
Odpowiedź % Poprawnych
Jakub Serafin
100%
Artur Craciun
89%
Artur Siemaszko
89%
Mateusz Cholewiak
89%
Wojciech Hajda
89%
Dawid Abramowicz
78%
Jakub Bartosz
78%
Kamil Zapolnik
78%
Michał Koj
78%
Michał Walski
78%
Jordan Majchrzak
56%
Kacper Śmiglewski
56%
Karol Knap
56%
Mateusz Radecki
56%
Kamil Kościelny
33%
Krzysztof Drzazga
33%
Gabriel Kobylak
22%
Maciej Domański
22%
Tomasz Wełna
22%
Mateusz Skrzypczak
11%
Nie znaleziono quizów pasujących do podanych kryteriów
Rozkład punktacji
Procent ludzi z każdym wynikiem
Percentyl według liczby udzielonych odpowiedzi
Twoja historia wyników
Nie rozwiązałeś tego quizu